Russian liturature class 8th (Russian) (Record no. 1332597)

MARC details
000 -LEADER
fixed length control field 00511nam a2200193Ia 4500
005 - DATE AND TIME OF LATEST TRANSACTION
control field 20250508151851.0
008 - FIXED-LENGTH DATA ELEMENTS--GENERAL INFORMATION
fixed length control field 008 250505s9999 xx 000 0 eng d
037 ## - SOURCE OF ACQUISITION
Stock number Books to be hide in OPAC
040 ## - CATALOGING SOURCE
Original cataloging agency FEDL
Language of cataloging eng
Transcribing agency FEDL
041 ## - LANGUAGE CODE
Language code of text/sound track or separate title eng
Source of code eng
084 ## - COLON CLASSIFICATION NUMBER
Classification number 372, RUS/O
Assigning agency FEDL
100 ## - MAIN ENTRY--PERSONAL NAME
Personal name Brobski
9 (RLIN) 760204
245 #0 - TITLE STATEMENT
Title Russian liturature class 8th (Russian)
260 ## - PUBLICATION, DISTRIBUTION, ETC.
Date of publication, distribution, etc. 1956
300 ## - PHYSICAL DESCRIPTION
Extent 663p.
700 ## - ADDED ENTRY--PERSONAL NAME
Personal name Kybikov
9 (RLIN) 760205
942 ## - ADDED ENTRY ELEMENTS (KOHA)
Koha item type Books to be hide in OPAC
Classification part 372, RUS/O
Holdings
Withdrawn status Lost status Damaged status Not for loan Home library Current library Date acquired Total Checkouts Full call number Barcode Date last seen Price effective from Koha item type
        Department of Education Library Department of Education Library 2025-05-08   372, RUS/O EL0013803 2025-05-08 2025-05-08 Books to be hide in OPAC
Copyright @ Delhi University Library System